00305 a2200109 450000500170000002000220001708200140003910000190005324500440007226000520011630000270016820250619090509.0 a978-9987-03-025-5 a658.3 TUM aTUMAINI, J. U. aA Textbook of Human Resource Management aDar es salaambKarljamer Print Technologyc2012 axiv,183p.bindexc20cm